<?xml version="1.0" encoding="UTF-8"?>
<record
    xmlns:xsi="http://www.w3.org/2001/XMLSchema-instance"
    xsi:schemaLocation="http://www.loc.gov/MARC21/slim http://www.loc.gov/standards/marcxml/schema/MARC21slim.xsd"
    xmlns="http://www.loc.gov/MARC21/slim">

  <leader>01041nam a22001817a 4500</leader>
  <datafield tag="020" ind1=" " ind2=" ">
    <subfield code="a">8181467701</subfield>
    <subfield code="c">115.00</subfield>
  </datafield>
  <datafield tag="020" ind1=" " ind2=" ">
    <subfield code="a">9788181467706</subfield>
  </datafield>
  <datafield tag="082" ind1=" " ind2=" ">
    <subfield code="a">&#x915;</subfield>
  </datafield>
  <datafield tag="100" ind1=" " ind2=" ">
    <subfield code="a">&#x91A;&#x921;&#x94D;&#x922;&#x93E;, &#x930;&#x93E;&#x927;&#x93F;&#x915;&#x93E;</subfield>
    <subfield code="9">40971</subfield>
  </datafield>
  <datafield tag="245" ind1=" " ind2=" ">
    <subfield code="a">&#x939;&#x93E;&#x901;, &#x939;&#x93E;&#x901;, &#x939;&#x941;&#x924;&#x94B;&#x915;&#x94D;&#x937;&#x940; ! /</subfield>
    <subfield code="c">&#x930;&#x93E;&#x927;&#x93F;&#x915;&#x93E; &#x91A;&#x921;&#x94D;&#x922;&#x93E;;&#x92A;&#x94D;&#x930;&#x93F;&#x92F;&#x93E; &#x915;&#x941;&#x930;&#x93F;&#x92F;&#x928; &#x926;&#x94D;&#x935;&#x93E;&#x930;&#x93E; &#x91A;&#x93F;&#x924;&#x94D;&#x930;&#x93E;&#x902;&#x915;&#x93F;&#x924;;&#x926;&#x940;&#x92F;&#x93E; &#x928;&#x93E;&#x92F;&#x930; &#x926;&#x94D;&#x935;&#x93E;&#x930;&#x93E; &#x905;&#x928;&#x941;&#x926;&#x93F;&#x924;</subfield>
  </datafield>
  <datafield tag="260" ind1=" " ind2=" ">
    <subfield code="a">&#x91A;&#x948;&#x928;&#x94D;&#x928;&#x908;</subfield>
    <subfield code="b">&#x924;&#x942;&#x932;&#x93F;&#x915;&#x93E; &#x92A;&#x92C;&#x94D;&#x932;&#x93F;&#x936;&#x930;&#x94D;&#x938;</subfield>
    <subfield code="c">&#x935;.&#x905;.</subfield>
  </datafield>
  <datafield tag="270" ind1=" " ind2=" ">
    <subfield code="a">13 &#x92A;&#x943;&#x925;&#x94D;&#x935;&#x940; &#x910;&#x935;&#x928;&#x94D;&#x92F;&#x942;, &#x905;&#x92D;&#x93F;&#x930;&#x92E;&#x92A;&#x941;&#x930;&#x92E;</subfield>
    <subfield code="b">&#x91A;&#x948;&#x928;&#x94D;&#x928;&#x908;</subfield>
    <subfield code="e">600018</subfield>
  </datafield>
  <datafield tag="300" ind1=" " ind2=" ">
    <subfield code="a">&#x905;.&#x92A;&#x943;.</subfield>
    <subfield code="c">19&#x938;&#x947;&#x92E;&#x940; (&#x905;&#x91C;&#x93F;&#x932;&#x94D;&#x926;)</subfield>
    <subfield code="b">&#x938;&#x91A;&#x93F;&#x924;&#x94D;&#x930;</subfield>
  </datafield>
  <datafield tag="700" ind1=" " ind2=" ">
    <subfield code="a">&#x928;&#x93E;&#x92F;&#x930;, &#x926;&#x940;&#x92F;&#x93E; </subfield>
    <subfield code="9">40847</subfield>
  </datafield>
  <datafield tag="700" ind1=" " ind2=" ">
    <subfield code="a">&#x915;&#x941;&#x930;&#x93F;&#x92F;&#x928;, &#x92A;&#x94D;&#x930;&#x93F;&#x92F;&#x93E; </subfield>
    <subfield code="9">40848</subfield>
  </datafield>
  <datafield tag="942" ind1=" " ind2=" ">
    <subfield code="2">ddc</subfield>
    <subfield code="c">CH</subfield>
    <subfield code="m">&#x91A;&#x921;&#x94D;&#x922;&#x93E;</subfield>
    <subfield code="h">&#x915;</subfield>
  </datafield>
  <datafield tag="999" ind1=" " ind2=" ">
    <subfield code="c">62056</subfield>
    <subfield code="d">62056</subfield>
  </datafield>
  <datafield tag="952" ind1=" " ind2=" ">
    <subfield code="0">0</subfield>
    <subfield code="1">0</subfield>
    <subfield code="4">0</subfield>
    <subfield code="7">-1</subfield>
    <subfield code="a">AG</subfield>
    <subfield code="b">AG</subfield>
    <subfield code="d">2012-02-06</subfield>
    <subfield code="g">115.00</subfield>
    <subfield code="l">0</subfield>
    <subfield code="o">&#x915; &#x91A;&#x921;&#x94D;&#x922;&#x93E;</subfield>
    <subfield code="r">2012-02-06 00:00:00</subfield>
    <subfield code="v">115.00</subfield>
    <subfield code="y">CH</subfield>
  </datafield>
</record>
